Géographie asiatique par lettre - B - Statistiques

Statistiques générales
  • Ce quiz a été pris 374 fois
  • Le résultat moyen est 15 sur 22
Statistiques - réponses
indice réponse % Correct
Capitale irakienne Bagdad
94%
Un autre nom pour le Myanmar Birmanie
94%
Capitale de la Thaïlande Bangkok
93%
Petit pays himalayen Bhoutan
93%
Capitale du Liban Beyrouth
89%
Petit pays riche limitrophe de la Malaisie Brunei
85%
Pays insulaire proche de l'Arabie Saoudite Bahreïn
82%
Pékin en mandarin Beijing 北京
82%
Ancien nom de Mumbai Bombay
82%
Capitale azerbaïdjanaise Bakou
79%
Le Gange se jette dans ce golfe Golfe du {Bengale}
79%
Détroit entre la Russie et l'Alaska Détroit de {Béring}
78%
Détroit entre l'Europe et l'Asie à Istanbul Bosphore
71%
Plusieurs des plus grandes statues d'Asie représentent cet homme Bouddha
69%
La seule île hindoue d'Indonésie musulmane Bali
59%
75% de ce pays est à moins de 4 mètres d'altitude Bangladesh
58%
Capitale du Kirghizistan Bichkek
56%
Cette île est aussi connue sous le nom de Kalimantan Bornéo
50%
Terme désignant un marché du Moyen-Orient bazar
43%
Deuxième ville de la Corée du Sud Busan
32%
Ancienne capitale proche du Bagdad Babylone
31%
Le plus grand temple bouddhiste du monde, à Java Borobudur
7%
Aucun quiz correspondant
Distribution des résultats
% des personnes avec chaque résultat
Percentile par nombre de réponses
Votre historique - résultats
Vous n’avez pas pris ce quiz